Inseln nach nächstgelegenem Festland - Statistiken

Allgemein
  • Dieses Quiz wurde 8.411 mal gespielt
  • Das Durchschnittsergebnis liegt bei 15 aus 20
Antwortstatistiken
km Insel Land % Korrekt
33 Großbritannien Frankreich
97%
770 Grönland Kanada
97%
128 Taiwan China
96%
248 Malta Italien
96%
86 Sri Lanka Indien
94%
70 Zypern Türkei
90%
974 Island Norwegen
89%
1 Singapur Malaysia
84%
22 Bahrain Saudi-Arabien
82%
18 Rhodos Türkei
82%
1096 Bermuda Vereinigte Staaten
78%
307 Teneriffa Marokko
76%
210 Kuba Mexiko
74%
417 Madagaskar Mosambik
68%
15 Trinidad Venezuela
66%
499 Westfalkland Argentinien
63%
624 Jamaika Honduras oder Nicaragua
61%
180 Honshu Südkorea
56%
234 Sokotra Somalia
18%
714 Attu Russland
16%
Keine übereinstimmenden Quizze gefunden
Verteilung der Resultate
Anzahl Personen mit jedem Resultat
Perzentil nach korrekt beantworteten Fragen
Ihre Resultats-Entwicklung
Sie haben dieses Quiz noch nicht gespielt